000 01189cam a22003497a 4500
003 CHAP
005 20220329133435.0
008 971013s1992 r 00010 d
010 _a6405
011 _a7377
035 _a6600
040 _cCHAP
090 _aTesis
100 0 0 _aRosas Ortiz, José Luis Benito.
_9100034
245 1 3 _aLa producción de carbón vegetal en el estado de Sonora
260 _aChapingo, Méx. :
_bEl autor,
_c1992
300 _a81 h.
_b: ilus. ; mapas
502 _aTesis (Ing. For. con Orientación en Industrias) -- UACH. División de Ciencias Forestales
590 _aALEPH
_b10
_c20130110
_lUCH01
_h1218
590 _aBATCH-UPD
_b10
_c20130110
_lUCH01
_h0116
590 _aBATCH-UPD
_b10
_c20130110
_lUCH01
_h1743
590 _aBATCH-UPD
_b10
_c20130409
_lUCH01
_h2109
590 _aBATCH-UPD
_b10
_c20130410
_lUCH01
_h1122
590 _aBATCH-UPD
_b10
_c20130914
_lUCH01
_h0706
590 _aCONVERSION
_b10
_c20130109
_lUCH01
_h1305
650 1 4 _aBosques
_xUtilización.
_914405
650 1 4 _aCarbón vegetal.
_918858
901 _aBK
942 _cFOLL
949 _bBC
_cTES
_d-16207
_eTS2
_fc.2
_h26539
_i6600
_si
949 _bBC
_cTES
_d-17708
_eTS1
_h26538
_i6600
_si
999 _c6405
_d6405